Histoire des idées sociologiques - Tome 2 : De Parsons aux contemporains (notice n° 1925365)

détails MARC
000 -LEADER
fixed length control field 01313cam a2200133 4500500
005 - DATE AND TIME OF LATEST TRANSACTION
control field 20260329023206.0
041 ## - LANGUAGE CODE
Language code of text/sound track or separate title fre
042 ## - AUTHENTICATION CODE
Authentication code dc
100 10 - MAIN ENTRY--PERSONAL NAME
Personal name Lallement, Michel
Relator term author
245 00 - TITLE STATEMENT
Title Histoire des idées sociologiques - Tome 2 : De Parsons aux contemporains
260 ## - PUBLICATION, DISTRIBUTION, ETC.
Name of publisher, distributor, etc. Armand Colin,<br/>
Date of publication, distribution, etc. 2017.<br/>
520 ## - SUMMARY, ETC.
Summary, etc. Cet ouvrage offre un large panorama de la sociologie moderne et contemporaine en montrant la diversité des pratiques et des courants sociologiques qui se sont développés depuis le début du XXe siècle aux États-Unis et en Europe occidentale. Il accorde tout d'abord une attention particulière aux théories de l'intégration par le social (culturalisme, fonctionnalisme, structuralisme). Puis il examine les analyses qui mettent en avant les contradictions et les conflits au cœur de nos sociétés (sociologies radicales et critiques, actionnalisme...). Il présente en troisième lieu les écoles qui donnent priorité à l'individu et au microsocial (individualisme méthodologique, interactionnisme, ethnométhodologie). Une dernière partie rend compte des théories des temps présents (sociologies de l'individu et des réseaux, postmodernisme...).
856 41 - ELECTRONIC LOCATION AND ACCESS
Uniform Resource Identifier <a href="https://shs.cairn.info/histoire-des-idees-sociologiques--9782200617912?lang=fr&redirect-ssocas=7080">https://shs.cairn.info/histoire-des-idees-sociologiques--9782200617912?lang=fr&redirect-ssocas=7080</a>

Pas d'exemplaire disponible.

PLUDOC

PLUDOC est la plateforme unique et centralisée de gestion des bibliothèques physiques et numériques de Guinée administré par le CEDUST. Elle est la plus grande base de données de ressources documentaires pour les Étudiants, Enseignants chercheurs et Chercheurs de Guinée.

Adresse

627 919 101/664 919 101

25 boulevard du commerce
Kaloum, Conakry, Guinée

Réseaux sociaux

Powered by Netsen Group @ 2025